Antitrust bulletin

Detalles Bibliográficos
Formato: Electrónico Revista
Lenguaje:inglés
Publicado: New York, N.Y. : Federal Legal Publications, ©1955-
Materias:
Acceso en línea:Full text available from Research Library: 10/01/1997 to 12/31/2017

MARC

LEADER 00000nas a2200000 a 4500
001 ssj0001068
003 WaSeSS
005 20200512172242.0
006 m d
007 cr n
008 020326c19559999nyuqr pss 0 a0eng c
010 |a  2006213871 
015 |a GBB560682  |2 bnb 
016 7 |a 2065926-X  |2 DE-600 
016 7 |a 017022636  |2 Uk 
022 |a 1930-7969  |l 0003-603X  |y 0003-603X 
030 |a ATBUAU 
035 |a (WaSeSS)ssj0001068 
037 |b Federal Legal Publications, 39 Lakeview Rd., Carmel, NY 10512 
040 |a TXU  |b eng  |c TXU  |d OCLCQ  |d NSD  |d OCLCQ  |d LGG  |d BUF  |d EYM  |d CUI  |d OCLCQ  |d DEBBG  |d OCLCQ  |d OCLCF  |d OCLCQ  |d OCLCO  |d OCLCQ  |d NLE  |d UKMGB  |d VT2  |d WaSeSS 
042 |a nsdp  |a pcc 
043 |a n-us--- 
050 1 4 |a K1  |b .N9 
082 1 0 |a 343.73  |2 13 
130 0 |a Antitrust bulletin (Online) 
222 0 |a Antitrust bulletin  |b (Online) 
245 1 0 |a Antitrust bulletin  |h [electronic resource]. 
260 |a New York, N.Y. :  |b Federal Legal Publications,  |c ©1955- 
310 |a Quarterly,  |b <winter 1978> 
321 |a Monthly (except July and Aug.),  |b 1955- 
321 |a Bimonthly,  |b <1958-1963> 
362 0 |a Vol. 1, no. 1 (Apr. 1955)- 
500 |a Title from caption (HeinOnline, viewed Aug. 4, 2009). 
506 |a License restrictions may limit access. 
538 |a Mode of access: World Wide Web. 
555 |a Vols. 1-11, 1955-66. 1 v. 
588 |a Latest issue consulted: Vol. 53, issue 4 (winter 2008) (HeinOnline, viewed Aug. 4, 2009). 
650 0 |a Antitrust law  |z United States  |v Periodicals. 
650 0 |a Restraint of trade  |z United States  |v Periodicals. 
650 7 |a Antitrust law.  |2 fast  |0 (OCoLC)fst00810849 
650 7 |a Restraint of trade.  |2 fast  |0 (OCoLC)fst01096014 
651 7 |a United States.  |2 fast  |0 (OCoLC)fst01204155 
655 0 |a Electronic journals. 
776 0 8 |i Print version:  |t Antitrust bulletin  |x 0003-603X  |w (DLC) 67000230  |w (OCoLC)1481628 
856 4 0 |z Full text available from Research Library: 10/01/1997 to 12/31/2017  |u https://search.proquest.com/publication/35923